[Event "Dvorkovich Memorial op 8th"]
[Site "Taganrog"]
[Date "2013.07.30"]
[Round "9"]
[White "Krivochkin, Ilya"]
[Black "Rasstriguine, Andrei"]
[Result "1-0"]
[WhiteElo "1925"]
[BlackElo "2105"]
[PlyCount "109"]
[EventDate "2013.07.22"]
[EventType "swiss"]
[EventRounds "9"]
[EventCountry "RUS"]
[SourceTitle "CBM 155 Extra"]
[Source "ChessBase"]
[SourceDate "2013.08.26"]
[SourceVersion "1"]
[SourceVersionDate "2013.08.26"]
[SourceQuality "1"]

1. c4 c6 2. Nc3 e6 3. d4 d5 4. Nf3 Nf6 5. Bg5 Nbd7 6. e3 h6 7. Bh4 Be7 8. cxd5 exd5 9. Bd3 0-0 10. 0-0 Re8 11. Qc2 Ne4 12. Bxe7 Qxe7 13. Nd2 Ndf6 14. Rfe1 Bd7 15. f3 Nxd2 16. Qxd2 c5 17. dxc5 Qxc5 18. Rac1 Qb6 19. Bb1 Bc6 20. b3 Rad8 21. Qd4 Rd7 22. Rcd1 Rde7 23. Qxb6 axb6 24. Kf2 b5 25. Rd4 Ra8 26. Rb4 Nd7 27. Nxb5 Nc5 28. Nc3 Ne6 29. Rd1 Ra5 30. Ne2 g6 31. Nd4 Kg7 32. Rb6 Rc5 33. b4 Rc3 34. b5 Nxd4 35. Rxd4 Be8 36. e4 Rc1 37. Bd3 dxe4 38. Bxe4 f5 39. Rxb7 Rxb7 40. Bxb7 Rc2+ 41. Ke3 Bxb5 42. a4 Bf1 43. g3 Rxh2 44. Rd2 f4+ 45. gxf4 Rh5 46. Rd5 Rxd5 47. Bxd5 Ba6 48. Bc6 Kf6 49. Bb5 Bb7 50. a5 h5 51. a6 Bc8 52. a7 Bb7 53. Bd3 h4 54. Be4 h3 55. Kf2 1-0

[Event "Sochi Lazarevskoe op"]
[Site "Sochi"]
[Date "2012.06.18"]
[Round "5"]
[White "Kvanin, Georgy"]
[Black "Rasstriguine, Andrei"]
[Result "1-0"]
[WhiteElo "1951"]
[BlackElo "2129"]
[PlyCount "66"]
[EventDate "2012.06.14"]
[EventType "swiss"]
[EventRounds "9"]
[EventCountry "RUS"]
[SourceTitle "EXT 2013"]
[Source "ChessBase"]
[SourceDate "2012.11.22"]
[SourceVersion "1"]
[SourceVersionDate "2012.11.22"]
[SourceQuality "1"]

1. Nf3 d5 2. c4 e6 3. cxd5 exd5 4. g3 c6 5. Bg2 Nf6 6. 0-0 Bd6 7. d4 0-0 8. Qc2 Re8 9. Nc3 Nbd7 10. Bg5 h6 11. Bf4 Bxf4 12. gxf4 Ne4 13. Ne5 Nd6 14. e4 dxe4 15. Nxe4 Nxe4 16. Bxe4 Nf6 17. Kh1 Qxd4 18. f3 Be6 19. Rg1 Nxe4 20. fxe4 f5 21. Rxg7+ Kxg7 22. Qg2+ Kf6 23. Qg6+ Ke7 24. Qg7+ Kd6 25. Nf7+ Kc5 26. Rc1+ Qc4 27. Qg1+ Kb4 28. Qe1+ Kc5 29. Qe3+ Kb4 30. Qa3+ Kb5 31. Nd6+ Kb6 32. Nxc4+ Bxc4 33. Rxc4 fxe4 1-0

[Event "South FR-ch"]
[Site "Armavir"]
[Date "2012.03.??"]
[Round "8"]
[White "Kudelya, Igor"]
[Black "Rasstriguine, Andrei"]
[Result "1-0"]
[WhiteElo "2088"]
[BlackElo "2118"]
[PlyCount "55"]
[EventDate "2012.03.11"]
[EventType "swiss"]
[EventRounds "9"]
[EventCountry "RUS"]
[SourceTitle "EXT 2023"]
[Source "ChessBase"]
[SourceDate "2022.10.05"]
[SourceVersion "1"]
[SourceVersionDate "2022.10.05"]
[SourceQuality "1"]

1. e4 c6 2. c4 d5 3. cxd5 cxd5 4. exd5 Nf6 5. Qa4+ Nbd7 6. Nc3 g6 7. Bc4 Bg7 8. d3 0-0 9. Nf3 a6 10. Qa3 b6 11. 0-0 Bb7 12. Re1 b5 13. Bb3 Re8 14. Be3 Bf8 15. Qb4 e5 16. Qh4 b4 17. Ne4 Nxd5 18. Bg5 Qb6 19. Be3 Qd8 20. Bg5 Qb6 21. Be3 Qd8 22. Qh3 f5 23. Bh6 Kh8 24. Neg5 Qe7 25. Nxe5 Nxe5 26. Rxe5 Qxe5 27. Nf7+ Kg8 28. Nxe5 1-0

[Event "South FR-ch"]
[Site "Armavir"]
[Date "2012.03.??"]
[Round "2"]
[White "Lugovskoy, Maxim"]
[Black "Rasstriguine, Andrei"]
[Result "0-1"]
[WhiteElo "2346"]
[BlackElo "2118"]
[PlyCount "82"]
[EventDate "2012.03.11"]
[EventType "swiss"]
[EventRounds "9"]
[EventCountry "RUS"]
[SourceTitle "EXT 2023"]
[Source "ChessBase"]
[SourceDate "2022.10.05"]
[SourceVersion "1"]
[SourceVersionDate "2022.10.05"]
[SourceQuality "1"]

1. e4 c6 2. d4 d5 3. Nc3 dxe4 4. Nxe4 Nd7 5. Nf3 Ngf6 6. Nxf6+ Nxf6 7. h3 e6 8. Bd3 Be7 9. 0-0 b6 10. Bg5 Bb7 11. Qe2 h6 12. Bh4 0-0 13. Rad1 Re8 14. c4 Qc8 15. Ne5 c5 16. Bb1 cxd4 17. Rxd4 Qc5 18. Rfd1 g5 19. Qe3 Nh5 20. Qe2 Nf6 21. Bg3 Rad8 22. Rxd8 Rxd8 23. Rxd8+ Bxd8 24. Qd3 Bc7 25. Nxf7 Be4 26. Qc3 Kxf7 27. b4 Qe7 28. Bxc7 Qxc7 29. Bxe4 Nxe4 30. Qh8 Qxc4 31. Qh7+ Kf6 32. Qxh6+ Ke5 33. Qg7+ Kd5 34. Qb7+ Qc6 35. Qxa7 Qc1+ 36. Kh2 Qf4+ 37. Kh1 Qxf2 38. Qb7+ Ke5 39. Qb8+ Nd6 40. Qd8 Qf1+ 41. Kh2 Qf4+ 0-1

[Event "Rostov Region-ch op"]
[Site "Rostov on Don"]
[Date "2011.10.20"]
[Round "9.17"]
[White "Rud, Viktor"]
[Black "Rasstriguine, Andrei"]
[Result "0-1"]
[WhiteElo "2028"]
[BlackElo "2108"]
[PlyCount "102"]
[EventDate "2011.10.20"]
[EventType "swiss"]
[EventRounds "9"]
[EventCountry "RUS"]
[SourceTitle "EXT 2022"]
[Source "ChessBase"]
[SourceDate "2021.10.06"]
[SourceVersion "1"]
[SourceVersionDate "2021.10.06"]
[SourceQuality "1"]

1. e4 c6 2. d4 d5 3. exd5 cxd5 4. Bd3 Nc6 5. c3 g6 6. f4 h5 7. Nf3 Nh6 8. 0-0 Bf5 9. b4 Bg7 10. a4 0-0 11. Bxf5 Nxf5 12. Qd3 Rc8 13. Bd2 e6 14. Na3 Nd6 15. a5 a6 16. Ra2 Na7 17. g3 Nab5 18. Nxb5 Nxb5 19. Rc1 Bf6 20. Kg2 Nd6 21. Be1 Kg7 22. h3 Rh8 23. Rac2 Nc4 24. Ra2 Qd6 25. Ne5 Qc7 26. Rb1 Nd6 27. Ra3 Kf8 28. h4 Kg7 29. Rc1 Rhd8 30. Rb1 Be7 31. Kh3 Nf5 32. Ra2 Nd6 33. Ra3 Ne4 34. Rab3 f6 35. Nf3 Nd6 36. Ng1 Qd7 37. Kg2 Nc4 38. Nf3 Kf7 39. Qe2 Qb5 40. Ra1 Nd6 41. Qxb5 Nxb5 42. Rd1 Rc6 43. Rd3 Rdc8 44. Kh3 Nd6 45. g4 hxg4+ 46. Kxg4 Rh8 47. Kg3 Rcc8 48. Rb2 Rh5 49. Kg2 Rf5 50. Bg3 Nb5 51. Rb3 Bd6 0-1

[Event "Moscow op-B"]
[Site "Moscow"]
[Date "2009.02.05"]
[Round "6"]
[White "Lobanov, Igor"]
[Black "Rasstriguine, Andrei"]
[Result "1-0"]
[WhiteElo "1948"]
[BlackElo "2111"]
[PlyCount "54"]
[EventDate "2009.01.31"]
[EventType "swiss"]
[EventRounds "9"]
[EventCountry "RUS"]
[SourceTitle "EXT 2012"]
[Source "ChessBase"]
[SourceDate "2011.11.24"]
[SourceVersion "1"]
[SourceVersionDate "2011.11.24"]
[SourceQuality "1"]

1. e4 c6 2. d4 d5 3. e5 Bf5 4. h4 a6 5. c3 h6 6. h5 e6 7. f3 Bh7 8. f4 Nd7 9. Bd3 Bxd3 10. Qxd3 c5 11. Nf3 Qb6 12. b3 Ne7 13. Be3 Nc6 14. Kf2 0-0-0 15. Nbd2 Kb8 16. Kg3 Be7 17. a4 cxd4 18. Nxd4 Qc7 19. Nxc6+ Qxc6 20. Nf3 Bc5 21. Bd4 Qc7 22. a5 Rc8 23. Rhc1 Be7 24. b4 Qc4 25. Qe3 Ka8 26. Rcb1 Rc6 27. b5 axb5 1-0

[Event "Moscow op-B"]
[Site "Moscow"]
[Date "2009.02.04"]
[Round "5"]
[White "Rasstriguine, Andrei"]
[Black "Vavulin, Maksim"]
[Result "0-1"]
[WhiteElo "2111"]
[BlackElo "1857"]
[PlyCount "108"]
[EventDate "2009.01.31"]
[EventType "swiss"]
[EventRounds "9"]
[EventCountry "RUS"]
[SourceTitle "EXT 2012"]
[Source "ChessBase"]
[SourceDate "2011.11.24"]
[SourceVersion "1"]
[SourceVersionDate "2011.11.24"]
[SourceQuality "1"]

1. Nf3 Nf6 2. c4 g6 3. Nc3 Bg7 4. e4 d6 5. d4 0-0 6. Be2 e5 7. 0-0 Nc6 8. d5 Ne7 9. Ne1 Nd7 10. Be3 f5 11. f3 f4 12. Bf2 g5 13. Nd3 h5 14. c5 Nf6 15. Rc1 Ng6 16. cxd6 cxd6 17. Nb5 Rf7 18. Qc2 Ne8 19. a4 g4 20. Bxa7 g3 21. h3 Bd7 22. Nc5 dxc5 23. Bxc5 Bf8 24. d6 Rf6 25. Rfd1 Nh8 26. Qc3 Nf7 27. Bc4 Bxb5 28. axb5 Bxd6 29. b4 b6 30. Bd5 Ra7 31. Bxd6 Rxd6 32. Qxe5 Kf8 33. Qxf4 Qg5 34. Qxg5 Nxg5 35. f4 Ne6 36. e5 Rxd5 37. Rxd5 Nxf4 38. Rd2 Nc7 39. h4 Nxb5 40. Rf1 Rf7 41. Rf3 Nd4 42. Re3 Rc7 43. Kf1 Nf5 44. Re1 Nxh4 45. e6 Ke7 46. Red1 Kxe6 47. Rd6+ Kf5 48. Rxb6 Rc2 49. Rb8 Rf2+ 50. Kg1 Rxg2+ 51. Kh1 Rh2+ 52. Kg1 Ne2+ 53. Kf1 g2+ 54. Kxe2 g1Q+ 0-1

[Event "Rostov on Don-ch op"]
[Site "Rostov on Don"]
[Date "2008.12.??"]
[Round "2"]
[White "Rasstriguine, Andrei"]
[Black "Zakharov, Alexander V"]
[Result "1/2-1/2"]
[WhiteElo "2111"]
[BlackElo "2413"]
[PlyCount "28"]
[EventDate "2008.12.19"]
[EventType "swiss"]
[EventRounds "9"]
[EventCountry "RUS"]
[SourceTitle "EXT 2022"]
[Source "ChessBase"]
[SourceDate "2021.10.06"]
[SourceVersion "1"]
[SourceVersionDate "2021.10.06"]
[SourceQuality "1"]

1. Nf3 c5 2. c4 Nf6 3. Nc3 Nc6 4. d4 cxd4 5. Nxd4 g6 6. g3 d6 7. Bg2 Bd7 8. 0-0 Bg7 9. Nc2 0-0 10. Rb1 Rb8 11. Nd5 b5 12. Nxf6+ Bxf6 13. cxb5 Rxb5 14. b4 Qc8 1/2-1/2

[Event "Moscow op-B 04th"]
[Site "Moscow"]
[Date "2008.02.08"]
[Round "7"]
[White "Bogdanovich, Stanislav"]
[Black "Rasstriguine, Andrei"]
[Result "1-0"]
[WhiteElo "2286"]
[BlackElo "2147"]
[PlyCount "87"]
[EventDate "2008.02.02"]
[EventType "swiss"]
[EventRounds "9"]
[EventCountry "RUS"]
[SourceTitle "CBM 122 Extra"]
[Source "ChessBase"]
[SourceDate "2008.03.04"]
[SourceVersion "1"]
[SourceVersionDate "2008.03.04"]
[SourceQuality "1"]

1. d4 Nf6 2. c4 e6 3. Nf3 d5 4. e3 Be7 5. Bd3 dxc4 6. Bxc4 c5 7. 0-0 0-0 8. dxc5 Bxc5 9. a3 Qxd1 10. Rxd1 Be7 11. b4 Bd7 12. Bb2 Rc8 13. Nbd2 b5 14. Bd3 Be8 15. Rac1 Na6 16. Rxc8 Rxc8 17. Nd4 Nc7 18. Rc1 a6 19. Nc6 Bxc6 20. Rxc6 Rd8 21. Bd4 Nfe8 22. Nf3 Bf6 23. Be2 Bxd4 24. Nxd4 Rd6 25. Rc2 Kf8 26. g3 f6 27. f4 g6 28. Kf2 Nd5 29. Rc8 Ndc7 30. Rb8 Ke7 31. Bf3 Kd7 32. Ke2 h5 33. Be4 g5 34. fxg5 fxg5 35. Nf3 g4 36. Ne5+ Ke7 37. Bc6 Kf6 38. Bxe8 Nxe8 39. Nd3 Nc7 40. Rc8 Nd5 41. e4 Nb6 42. e5+ Kf7 43. exd6 Nxc8 44. d7 1-0